[Event "Niederbayern-ch"]
[Site "Mamming"]
[Date "2011.03.10"]
[Round "1"]
[White "Haselbeck, Franz"]
[Black "Thurnbauer, Alois"]
[Result "1-0"]
[WhiteElo "1966"]
[BlackElo "1607"]
[PlyCount "167"]
[EventDate "2011.03.10"]
[EventType "swiss"]
[EventRounds "7"]
[EventCountry "GER"]
[SourceTitle "EXT 2023"]
[Source "ChessBase"]
[SourceDate "2022.10.05"]
[SourceVersion "1"]
[SourceVersionDate "2022.10.05"]
[SourceQuality "1"]

1. Nf3 c5 2. g3 Nc6 3. Bg2 e6 4. 0-0 Nf6 5. d3 Be7 6. e4 Qc7 7. Re1 d6 8. Nbd2 0-0 9. a4 b6 10. Nc4 Bb7 11. c3 Rad8 12. Qe2 Ba6 13. Bf4 Bxc4 14. dxc4 Ne5 15. Rad1 Ng6 16. Bc1 Ne5 17. Nh4 Nfd7 18. f4 Nc6 19. Nf3 Nf6 20. h3 Rfe8 21. g4 g6 22. Nh2 Bf8 23. Bf3 Na5 24. g5 Nd7 25. Ng4 Bg7 26. h4 f5 27. Nf2 Nb3 28. Be3 Nf8 29. exf5 exf5 30. Bd5+ Kh8 31. Qc2 Na5 32. Nd3 Nc6 33. Qh2 Ne7 34. Bf7 Nc8 35. Bxe8 Rxe8 36. Bf2 Re4 37. Rxe4 fxe4 38. Nc1 Qc6 39. Bg3 Qxa4 40. Qe2 Qd7 41. Kg2 Qc6 42. Re1 d5 43. cxd5 Qxd5 44. Qxe4 Qd2+ 45. Qe2 Qd5+ 46. Kh2 Nd6 47. Rd1 Qc6 48. Qg2 Qxg2+ 49. Kxg2 Nf5 50. Rd8 Kg8 51. Nd3 Kf7 52. Ra8 a5 53. Bf2 Nd7 54. Kf3 h6 55. Ke4 hxg5 56. hxg5 Ke6 57. Ra6 Nd6+ 58. Kf3 Kd5 59. Ra8 Kc4 60. Ra7 Kxd3 61. Rxd7 Bf8 62. f5 Kc2 63. fxg6 Nc4 64. Rf7 Ne5+ 65. Ke4 Nxf7 66. gxf7 Kxb2 67. c4 a4 68. Bg3 a3 69. Be5+ Kb1 70. g6 a2 71. g7 Bd6 72. f8Q Bxe5 73. g8Q a1Q 74. Qf1+ Kc2 75. Qgg2+ Kb3 76. Qxa1 Bxa1 77. Kd3 Bd4 78. Qc6 Bc3 79. Qb5+ Bb4 80. Qxb6 Kb2 81. Ke4 Kb3 82. Kd5 Ka4 83. Qb5+ Ka3 84. Qxc5 1-0

[Event "Niederbayern-ch"]
[Site "Mamming"]
[Date "2010.06.06"]
[Round "7"]
[White "Thurnbauer, Alois"]
[Black "Grigore Nikolitsch, Corneliu"]
[Result "1-0"]
[WhiteElo "1534"]
[BlackElo "1633"]
[PlyCount "110"]
[EventDate "2010.06.03"]
[EventType "swiss"]
[EventRounds "7"]
[EventCountry "GER"]
[SourceTitle "EXT 2023"]
[Source "ChessBase"]
[SourceDate "2022.10.05"]
[SourceVersion "1"]
[SourceVersionDate "2022.10.05"]
[SourceQuality "1"]

1. d4 Nf6 2. c4 c6 3. Nf3 h6 4. Nc3 e6 5. e3 d5 6. Bd3 Bb4 7. 0-0 Bxc3 8. bxc3 Nbd7 9. cxd5 exd5 10. c4 0-0 11. a4 Re8 12. cxd5 cxd5 13. a5 a6 14. Qb3 b5 15. Bd2 Bb7 16. Rac1 Re6 17. Rc2 Rc6 18. Rxc6 Bxc6 19. Rc1 Bb7 20. h3 Ne8 21. Bb4 Rc8 22. Rc2 Rxc2 23. Qxc2 Qc7 24. Qxc7 Nxc7 25. Bf5 Ne6 26. Nd2 Nb8 27. Nb3 Nc6 28. Bd2 g6 29. Bg4 Ncd8 30. f4 f5 31. Bf3 h5 32. h4 Kf8 33. Kf2 Ke8 34. Ke2 Kd7 35. Kd3 Nf7 36. Nc5+ Nxc5+ 37. dxc5 Nd8 38. Bc3 Ke6 39. Bd1 Nc6 40. g3 b4 41. Bd2 Nxa5 42. Bxb4 Nc6 43. Bc3 a5 44. Ba4 Ba6+ 45. Kd2 Nb4 46. Be8 Nd3 47. c6 Nc5 48. Kc2 a4 49. Bxg6 a3 50. c7 Bd3+ 51. Kd1 Kd7 52. Be5 Nb3 53. Bf7 Be4 54. Be6+ Kxe6 55. c8Q+ Ke7 1-0

[Event "Niederbayern-ch"]
[Site "Mamming"]
[Date "2010.06.05"]
[Round "6"]
[White "Reich, Christian"]
[Black "Thurnbauer, Alois"]
[Result "1/2-1/2"]
[WhiteElo "1564"]
[BlackElo "1534"]
[PlyCount "93"]
[EventDate "2010.06.03"]
[EventType "swiss"]
[EventRounds "7"]
[EventCountry "GER"]
[SourceTitle "EXT 2023"]
[Source "ChessBase"]
[SourceDate "2022.10.05"]
[SourceVersion "1"]
[SourceVersionDate "2022.10.05"]
[SourceQuality "1"]

1. e4 c5 2. Nf3 Nc6 3. c4 e6 4. Nc3 a6 5. Be2 Qc7 6. 0-0 Nf6 7. a3 Be7 8. d4 cxd4 9. Nxd4 Nxd4 10. Qxd4 Bc5 11. Qd3 0-0 12. b4 Be7 13. f4 d6 14. Be3 b6 15. Rac1 Bb7 16. b5 d5 17. e5 Ne4 18. Nxe4 dxe4 19. Qb3 Bc5 20. a4 axb5 21. cxb5 Bd5 22. Qc3 Rxa4 23. Bxc5 bxc5 24. Qxc5 Qxc5+ 25. Rxc5 Rb4 26. g3 g6 27. Rfc1 Rb8 28. Rc8+ Rxc8 29. Rxc8+ Kg7 30. Rc2 e3 31. Rc1 Rb2 32. Re1 f6 33. Bf1 Rb3 34. b6 fxe5 35. fxe5 Rxb6 36. Rxe3 Rb1 37. Kf2 Rb2+ 38. Re2 Rxe2+ 39. Bxe2 g5 40. Ke3 h6 41. Bh5 Kf8 42. Kd4 Ke7 43. Kc5 Bg2 44. Be2 Bh3 45. Bf3 Bf5 46. h4 gxh4 47. gxh4 1/2-1/2

[Event "Niederbayern-ch"]
[Site "Mamming"]
[Date "2010.06.05"]
[Round "5"]
[White "Thurnbauer, Alois"]
[Black "Gerl, Hans Peter"]
[Result "0-1"]
[WhiteElo "1534"]
[BlackElo "1707"]
[PlyCount "72"]
[EventDate "2010.06.03"]
[EventType "swiss"]
[EventRounds "7"]
[EventCountry "GER"]
[SourceTitle "EXT 2023"]
[Source "ChessBase"]
[SourceDate "2022.10.05"]
[SourceVersion "1"]
[SourceVersionDate "2022.10.05"]
[SourceQuality "1"]

1. d4 Nf6 2. Nc3 d5 3. e3 Bf5 4. Nf3 e6 5. Be2 Be7 6. 0-0 0-0 7. Nh4 Bg6 8. Nxg6 hxg6 9. a3 c6 10. b4 Nbd7 11. Bb2 b5 12. Bf3 Nb6 13. Bc1 a5 14. bxa5 Rxa5 15. Bb2 Nc4 16. Qc1 Qa8 17. a4 bxa4 18. Na2 Nxb2 19. Qxb2 Rb8 20. Qc1 Qa6 21. c4 c5 22. Qc2 Qxc4 23. Qxc4 dxc4 24. Rfc1 cxd4 25. exd4 Rc8 26. Rab1 Nd5 27. Be2 c3 28. Rc2 Bf6 29. Rd1 a3 30. Bf3 Rc4 31. Bxd5 exd5 32. Rxc3 Rxc3 33. Nxc3 a2 34. Ra1 Bxd4 35. Rxa2 Bxc3 36. Rxa5 Bxa5 0-1

[Event "Niederbayern-ch"]
[Site "Mamming"]
[Date "2010.06.04"]
[Round "4"]
[White "Oberberger, Hans"]
[Black "Thurnbauer, Alois"]
[Result "1-0"]
[WhiteElo "1636"]
[BlackElo "1534"]
[PlyCount "76"]
[EventDate "2010.06.03"]
[EventType "swiss"]
[EventRounds "7"]
[EventCountry "GER"]
[SourceTitle "EXT 2023"]
[Source "ChessBase"]
[SourceDate "2022.10.05"]
[SourceVersion "1"]
[SourceVersionDate "2022.10.05"]
[SourceQuality "1"]

1. d4 d5 2. Nf3 Nf6 3. g3 e6 4. Bg2 c5 5. e3 Nbd7 6. 0-0 c4 7. b3 b5 8. a4 b4 9. bxc4 dxc4 10. Ne5 Nd5 11. e4 Nxe5 12. exd5 Ng6 13. dxe6 Bxe6 14. Bc6+ Bd7 15. Re1+ Be7 16. Bxa8 Qxa8 17. c3 0-0 18. cxb4 Bxb4 19. Bd2 a5 20. Nc3 f5 21. f3 f4 22. Rf1 fxg3 23. hxg3 Bh3 24. Rf2 Bd7 25. Rc1 Ba3 26. Rb1 Bb4 27. Qe2 Qc8 28. Rc1 Re8 29. Ne4 Bxd2 30. Qxd2 Qb8 31. Kg2 Qc7 32. Nc5 Be6 33. Nxe6 Rxe6 34. Qa2 Rc6 35. Rfc2 Ne7 36. Rxc4 Kh8 37. Rxc6 Nxc6 38. Qe6 Qe7 1-0

[Event "Niederbayern-ch"]
[Site "Mamming"]
[Date "2010.06.04"]
[Round "3"]
[White "Thurnbauer, Alois"]
[Black "Staller, Josef"]
[Result "1/2-1/2"]
[WhiteElo "1534"]
[BlackElo "1676"]
[PlyCount "108"]
[EventDate "2010.06.03"]
[EventType "swiss"]
[EventRounds "7"]
[EventCountry "GER"]
[SourceTitle "EXT 2023"]
[Source "ChessBase"]
[SourceDate "2022.10.05"]
[SourceVersion "1"]
[SourceVersionDate "2022.10.05"]
[SourceQuality "1"]

1. d4 d5 2. e4 dxe4 3. Nc3 Nf6 4. f3 exf3 5. Nxf3 Bg4 6. h3 Bxf3 7. Qxf3 Nc6 8. Bb5 Qd7 9. d5 Nxd5 10. Qxd5 e6 11. Qxd7+ Kxd7 12. Bf4 a6 13. 0-0-0+ Bd6 14. Bxc6+ Kxc6 15. g3 e5 16. Be3 Rad8 17. g4 Rhf8 18. Rhf1 g6 19. Rf6 Rd7 20. Ne4 b6 21. c4 Rfd8 22. Rdf1 Kb7 23. Nxd6+ Rxd6 24. Rxf7 Rd3 25. Kc2 Rxe3 26. Rxh7 Re2+ 27. Kc3 e4 28. Kb4 a5+ 29. Ka3 Rd3+ 30. b3 Rdd2 31. Ra1 Rd3 32. Rf1 Rdd2 33. Ra1 e3 34. Re7 Rd3 35. Rf1 Rf2 36. Rxe3 Rxe3 37. Rxf2 Rxh3 38. Rf6 Rg3 39. Rxg6 Rg2 40. g5 Rg1 41. Rg8 Rg2 42. g6 Rg1 43. Ka4 Rg2 44. a3 Rg4 45. g7 Kc6 46. b4 axb4 47. axb4 Rg3 48. Rh8 Rxg7 49. Rh6+ Kb7 50. b5 Rg1 51. Kb4 Rc1 52. Rh4 Kc8 53. Rh7 Kd8 54. Kb3 Kc8 1/2-1/2

[Event "Niederbayern-ch"]
[Site "Mamming"]
[Date "2010.06.03"]
[Round "2"]
[White "Lichtmannecker, Hans Juergen"]
[Black "Thurnbauer, Alois"]
[Result "1/2-1/2"]
[WhiteElo "1666"]
[BlackElo "1534"]
[PlyCount "130"]
[EventDate "2010.06.03"]
[EventType "swiss"]
[EventRounds "7"]
[EventCountry "GER"]
[SourceTitle "EXT 2023"]
[Source "ChessBase"]
[SourceDate "2022.10.05"]
[SourceVersion "1"]
[SourceVersionDate "2022.10.05"]
[SourceQuality "1"]

1. d4 Nf6 2. Nc3 d5 3. Bg5 e6 4. e4 dxe4 5. Nxe4 Be7 6. Bxf6 Bxf6 7. c3 0-0 8. Nf3 b6 9. Bd3 Bb7 10. Qc2 Nd7 11. 0-0-0 a5 12. Rhe1 a4 13. a3 Qe7 14. Bb5 c5 15. Bxd7 Bxe4 16. Qxe4 Qxd7 17. dxc5 Qb5 18. cxb6 Qxb6 19. Qc2 g6 20. Re4 Rfb8 21. Rb4 Qa7 22. Rxb8+ Rxb8 23. g3 h5 24. Nd4 Qb6 25. f4 e5 26. fxe5 Bxe5 27. Ne2 Bf6 28. Kb1 Be7 29. Ka2 Qe6+ 30. Ka1 Qb6 31. Nf4 Bg5 32. Rd4 Bxf4 33. Rxf4 Re8 34. Rxa4 Re1+ 35. Ka2 Qe6+ 36. c4 Re2 37. Ra8+ Kh7 38. Qc3 f6 39. Ra7+ Kh6 40. Qb4 Rxh2 41. Re7 Qg4 42. c5 Qxg3 43. c6 Rc2 44. Qb7 Qf3 45. Rh7+ Kg5 46. Qb5+ Qf5 47. Qxf5+ Kxf5 48. c7 Ke6 49. Kb1 Rc6 50. b4 Kd6 51. Rh6 Kxc7 52. Rxg6 Rc3 53. Kb2 Rf3 54. a4 Kb6 55. Rh6 Rf2+ 56. Kb3 Rf3+ 57. Kc2 Rf4 58. a5+ Kb5 59. Rxh5+ Kxb4 60. a6 Rc4+ 61. Kd3 Rc6 62. Rh4+ Kb5 63. a7 Ra6 64. Rh7 Kb6 65. Rf7 Rxa7 1/2-1/2

[Event "Niederbayern-ch"]
[Site "Mamming"]
[Date "2010.06.03"]
[Round "1"]
[White "Thurnbauer, Alois"]
[Black "Schubert, Josef"]
[Result "0-1"]
[WhiteElo "1534"]
[BlackElo "1922"]
[PlyCount "50"]
[EventDate "2010.06.03"]
[EventType "swiss"]
[EventRounds "7"]
[EventCountry "GER"]
[SourceTitle "EXT 2023"]
[Source "ChessBase"]
[SourceDate "2022.10.05"]
[SourceVersion "1"]
[SourceVersionDate "2022.10.05"]
[SourceQuality "1"]

1. d4 b5 2. e4 Bb7 3. d5 a6 4. Bd3 e6 5. c4 bxc4 6. Bxc4 Nf6 7. Bg5 Be7 8. Nc3 Nxd5 9. Bxd5 exd5 10. Bxe7 Qxe7 11. Qd4 0-0 12. Nxd5 Bxd5 13. Qxd5 Qb4+ 14. Kf1 Nc6 15. Ne2 Rfe8 16. f3 Qxb2 17. Kf2 Qb6+ 18. Kg3 Re5 19. Qd2 Ne7 20. h3 d5 21. exd5 Nxd5 22. Rhe1 Qd6 23. Nf4 Rg5+ 24. Kf2 Qxf4 25. Qxf4 Nxf4 0-1

[Event "Niederbayern-ch MK 50th"]
[Site "Teisnach"]
[Date "2009.??.??"]
[Round "5"]
[White "Thurnbauer, Alois"]
[Black "Wisnet, Dominic"]
[Result "0-1"]
[WhiteElo "1541"]
[BlackElo "2100"]
[PlyCount "58"]
[EventDate "2009.??.??"]
[EventType "swiss"]
[EventRounds "7"]
[EventCountry "GER"]
[SourceTitle "EXT 2011"]
[Source "ChessBase"]
[SourceDate "2010.11.26"]
[SourceVersion "1"]
[SourceVersionDate "2010.11.26"]
[SourceQuality "1"]

1. d4 Nf6 2. Nc3 c5 3. dxc5 Na6 4. c6 bxc6 5. g3 g6 6. Bg2 Bg7 7. Nf3 0-0 8. 0-0 d5 9. e3 Re8 10. Ne5 Qc7 11. f4 Rb8 12. Nd3 Bf5 13. Nf2 Nc5 14. g4 Bc8 15. Rb1 e5 16. g5 Nfd7 17. Ng4 exf4 18. e4 Ne5 19. Bxf4 Bxg4 20. Qxg4 Qb6 21. Qh4 Nxe4+ 22. Kh1 Nxc3 23. bxc3 Qxb1 24. Rxb1 Rxb1+ 25. Bf1 Rxf1+ 26. Kg2 Rg1+ 27. Kh3 Nf3 28. Qf2 Nxg5+ 29. Bxg5 Rxg5 0-1

[Event "Niederbayern-ch MK 49th"]
[Site "Vilshofen"]
[Date "2008.??.??"]
[Round "4"]
[White "Gruber, Martina K"]
[Black "Thurnbauer, Alois"]
[Result "0-1"]
[WhiteElo "782"]
[BlackElo "1508"]
[PlyCount "86"]
[EventDate "2008.??.??"]
[EventType "swiss"]
[EventRounds "7"]
[EventCountry "GER"]
[SourceTitle "EXT 2010"]
[Source "ChessBase"]
[SourceDate "2010.11.25"]
[SourceVersion "1"]
[SourceVersionDate "2010.11.25"]
[SourceQuality "1"]

1. e4 e5 2. Nf3 Nf6 3. Nxe5 d6 4. Nxf7 Kxf7 5. Bc4+ Be6 6. Bxe6+ Kxe6 7. Nc3 Nc6 8. 0-0 Kd7 9. d4 Kc8 10. Bg5 Be7 11. Bxf6 Bxf6 12. Qg4+ Qd7 13. Qf4 Nxd4 14. Rad1 Be5 15. Qg5 c6 16. f4 Bf6 17. Qa5 Qc7 18. Qh5 b6 19. f5 Kb7 20. Ne2 Nxe2+ 21. Qxe2 Bxb2 22. Rb1 Be5 23. c4 Bd4+ 24. Kh1 Rae8 25. Rfc1 Re5 26. Qd3 Bc5 27. h3 Rhe8 28. Re1 Qe7 29. Qb3 Rxe4 30. Rf1 Re3 31. Qc2 Re2 32. Qc3 Qg5 33. Rg1 R2e3 34. Qc1 Qg3 35. Rb2 Re1 36. Rxe1 Rxe1+ 37. Qxe1 Qxe1+ 38. Kh2 Qe5+ 39. g3 Qxb2+ 40. Kh1 Qxa2 41. f6 gxf6 42. g4 Qf2 43. g5 Qg1# 0-1

[Event "Niederbayern-ch MK 49th"]
[Site "Vilshofen"]
[Date "2008.??.??"]
[Round "1"]
[White "Zepke, Armin"]
[Black "Thurnbauer, Alois"]
[Result "1-0"]
[WhiteElo "1964"]
[BlackElo "1508"]
[PlyCount "45"]
[EventDate "2008.??.??"]
[EventType "swiss"]
[EventRounds "7"]
[EventCountry "GER"]
[SourceTitle "EXT 2010"]
[Source "ChessBase"]
[SourceDate "2010.11.25"]
[SourceVersion "1"]
[SourceVersionDate "2010.11.25"]
[SourceQuality "1"]

1. d4 d5 2. Bf4 e6 3. e3 Bd6 4. Bg3 Bxg3 5. hxg3 Nc6 6. c4 dxc4 7. Bxc4 Nf6 8. Nc3 Bd7 9. g4 g6 10. g5 Nh5 11. g4 Ng7 12. Ne4 Na5 13. Bd3 Bc6 14. Nf6+ Ke7 15. Rh6 b6 16. b4 Nb7 17. b5 Bd7 18. Nf3 Nd6 19. Ne5 Be8 20. Qf3 Rb8 21. Nxh7 Rxh7 22. Rxh7 Kf8 23. Rh8+ 1-0

[Event "Niederbayern-ch MK 48th"]
[Site "Ortenburg"]
[Date "2007.??.??"]
[Round "4"]
[White "Thurnbauer, Alois"]
[Black "Schultes, Christoph"]
[Result "0-1"]
[WhiteElo "1494"]
[BlackElo "1654"]
[PlyCount "48"]
[EventDate "2007.??.??"]
[EventType "swiss"]
[EventRounds "9"]
[EventCountry "GER"]
[SourceTitle "EXT 2010"]
[Source "ChessBase"]
[SourceDate "2010.11.25"]
[SourceVersion "1"]
[SourceVersionDate "2010.11.25"]
[SourceQuality "1"]

1. d4 d5 2. e4 dxe4 3. Nc3 Nf6 4. f3 exf3 5. Nxf3 Bf5 6. Bb5+ c6 7. Be2 e6 8. 0-0 Be7 9. Nh4 Bxc2 10. Qd2 Bg6 11. Nxg6 hxg6 12. Qf4 Bd6 13. Qe3 Bxh2+ 14. Kf2 Bd6 15. Bd2 Na6 16. Rh1 Rg8 17. g4 Nc7 18. Qf3 Qd7 19. Bg5 Be7 20. Rad1 0-0-0 21. Na4 Qd5 22. Qe3 Ne4+ 23. Ke1 Bxg5 24. Qg1 Qa5+ 0-1

[Event "Deggendorf op"]
[Site "Deggendorf"]
[Date "2006.06.17"]
[Round "6"]
[White "Otterbach, Gerhard"]
[Black "Thurnbauer, Alois"]
[Result "1/2-1/2"]
[WhiteElo "1428"]
[BlackElo "1501"]
[PlyCount "94"]
[EventDate "2006.06.15"]
[EventType "swiss"]
[EventRounds "7"]
[EventCountry "GER"]
[SourceTitle "EXT 2008"]
[Source "ChessBase"]
[SourceDate "2007.11.25"]
[SourceVersion "1"]
[SourceVersionDate "2007.11.25"]
[SourceQuality "1"]

1. d4 d5 2. c4 e6 3. Bf4 Nf6 4. Nc3 c5 5. e3 Nbd7 6. Nf3 Be7 7. Bd3 b6 8. Nb5 0-0 9. Bc7 Qe8 10. Nd6 Bxd6 11. Bxd6 Qd8 12. Bxf8 Kxf8 13. Qc2 g6 14. 0-0 Bb7 15. Rad1 dxc4 16. Bxc4 Bxf3 17. gxf3 Qe7 18. Bb5 a6 19. Bc6 Rc8 20. Bxd7 Nxd7 21. Kh1 Rc7 22. Qe4 Kg7 23. f4 Nf6 24. Qg2 cxd4 25. Rc1 dxe3 26. fxe3 Nd5 27. Qd2 Nf6 28. Qd4 Rxc1 29. Rxc1 Qb7+ 30. e4 a5 31. Kg1 Qa6 32. Rc2 Qb5 33. Kf2 Qh5 34. Kg3 Qg4+ 35. Kf2 Qxf4+ 36. Kg1 e5 37. Qxb6 Qxe4 38. Qc6 Qe3+ 39. Kg2 Ne4 40. Qd5 Ng5 41. Rf2 a4 42. Qd7 Qe4+ 43. Kg3 h5 44. h4 Qe3+ 45. Kg2 Qe4+ 46. Kg3 Qe3+ 47. Kg2 Qe4+ 1/2-1/2

[Event "Deggendorf op"]
[Site "Deggendorf"]
[Date "2006.06.17"]
[Round "5"]
[White "Thurnbauer, Alois"]
[Black "Reinert, Marcus"]
[Result "1-0"]
[WhiteElo "1501"]
[BlackElo "1052"]
[PlyCount "49"]
[EventDate "2006.06.15"]
[EventType "swiss"]
[EventRounds "7"]
[EventCountry "GER"]
[SourceTitle "EXT 2008"]
[Source "ChessBase"]
[SourceDate "2007.11.25"]
[SourceVersion "1"]
[SourceVersionDate "2007.11.25"]
[SourceQuality "1"]

1. d4 Nf6 2. Nc3 e6 3. e4 Bb4 4. Bd3 Bxc3+ 5. bxc3 d6 6. f4 Nfd7 7. Nf3 Nc6 8. 0-0 Ne7 9. a4 c5 10. Qe1 Qc7 11. Qg3 g6 12. f5 c4 13. Be2 Nf8 14. f6 Nc6 15. Ba3 e5 16. dxe5 dxe5 17. Bxc4 h6 18. Rad1 Nd7 19. Ne1 Na5 20. Ba2 b6 21. Bd6 Qd8 22. Bxe5 Bb7 23. Bc7 Qc8 24. Qd6 Nc6 25. Bd5 1-0

[Event "Deggendorf op"]
[Site "Deggendorf"]
[Date "2006.06.16"]
[Round "3"]
[White "Thurnbauer, Alois"]
[Black "Thanner, Daniel"]
[Result "1/2-1/2"]
[WhiteElo "1501"]
[BlackElo "977"]
[PlyCount "47"]
[EventDate "2006.06.15"]
[EventType "swiss"]
[EventRounds "7"]
[EventCountry "GER"]
[SourceTitle "EXT 2008"]
[Source "ChessBase"]
[SourceDate "2007.11.25"]
[SourceVersion "1"]
[SourceVersionDate "2007.11.25"]
[SourceQuality "1"]

1. d4 d5 2. e4 dxe4 3. Nc3 e5 4. d5 Nf6 5. a3 h6 6. Bb5+ c6 7. Bc4 Bd6 8. Nge2 Bg4 9. h3 Bh5 10. dxc6 Nxc6 11. g4 Bg6 12. Be3 0-0 13. Ng3 Bc7 14. Qe2 Re8 15. g5 hxg5 16. Bxg5 Nd4 17. Bxf6 Qxf6 18. Ncxe4 Qf4 19. Qe3 Rad8 20. Kf1 Nf5 21. Qe2 Nd4 22. Qd3 Nf5 23. Qe2 Rd4 24. Bd3 1/2-1/2

[Event "Niederbayern-ch MK 47th"]
[Site "Aidenbach"]
[Date "2006.??.??"]
[Round "6"]
[White "Grum, Theodor"]
[Black "Thurnbauer, Alois"]
[Result "1/2-1/2"]
[WhiteElo "1682"]
[BlackElo "1482"]
[PlyCount "94"]
[EventDate "2006.04.18"]
[EventType "swiss"]
[EventRounds "9"]
[EventCountry "GER"]
[SourceTitle "EXT 2023"]
[Source "ChessBase"]
[SourceDate "2022.10.05"]
[SourceVersion "1"]
[SourceVersionDate "2022.10.05"]
[SourceQuality "1"]

1. Nf3 Nf6 2. g3 d6 3. d4 g6 4. b3 Bg7 5. Bb2 0-0 6. Bg2 c5 7. dxc5 dxc5 8. 0-0 Qxd1 9. Rxd1 Nc6 10. Nbd2 Bg4 11. h3 Bxf3 12. Bxf3 Rac8 13. e3 Ne8 14. Bxg7 Kxg7 15. Ne4 Ne5 16. Be2 Nf6 17. Nxf6 Kxf6 18. f4 Nc6 19. Rd7 Rb8 20. Bf3 Rfc8 21. c4 a6 22. Rad1 b5 23. cxb5 axb5 24. Bxc6 Rxc6 25. g4 e6 26. Ra7 c4 27. Rdd7 Rf8 28. bxc4 bxc4 29. a3 c3 30. Rdc7 Rxc7 31. Rxc7 c2 32. Rxc2 Ra8 33. Rc3 g5 34. fxg5+ Kxg5 35. Kg2 h5 36. Rc5+ f5 37. gxf5 exf5 38. e4 Rxa3 39. Rxf5+ Kg6 40. Rf3 Ra4 41. Re3 Kf6 42. Rf3+ Ke6 43. Rf5 Rxe4 44. Rxh5 Kf6 45. h4 Kg6 46. Rg5+ Kh6 47. Kg3 Ra4 1/2-1/2

[Event "Niederbayernliga 0607"]
[Site "Germany"]
[Date "2006.??.??"]
[Round "3.7"]
[White "Thurnbauer, Alois"]
[Black "Klinge, Andreas"]
[Result "1/2-1/2"]
[WhiteElo "1507"]
[BlackElo "1758"]
[PlyCount "145"]
[EventDate "2006.??.??"]
[EventType "team"]
[EventRounds "9"]
[EventCountry "GER"]
[SourceTitle "EXT 2008"]
[Source "ChessBase"]
[SourceDate "2007.11.25"]
[SourceVersion "1"]
[SourceVersionDate "2007.11.25"]
[SourceQuality "1"]
[WhiteTeam "Deggendorf II"]
[BlackTeam "Eggenfelden"]
[WhiteTeamCountry "GER"]
[BlackTeamCountry "GER"]

1. d4 d5 2. e4 dxe4 3. Nc3 Nf6 4. f3 e3 5. Bxe3 Bf5 6. Bc4 e6 7. Nge2 Be7 8. Ng3 Bg6 9. Nce2 Nbd7 10. Nf4 Nf8 11. Qe2 c6 12. a4 Qc7 13. 0-0 Bd6 14. Nxg6 hxg6 15. f4 N8d7 16. a5 0-0-0 17. Qf3 Rh7 18. h3 Rdh8 19. c3 Nh5 20. Ne2 Nhf6 21. b4 Rh5 22. Bd3 Nd5 23. Bd2 a6 24. Rab1 Kd8 25. c4 N5f6 26. Ng3 Rh4 27. b5 c5 28. bxa6 bxa6 29. Rb7 Qc8 30. Rfb1 cxd4 31. Ra7 Ke7 32. Rbb7 Rd8 33. Rxa6 Nd5 34. Rba7 Bxf4 35. cxd5 Bxd2 36. d6+ Kf8 37. Rc6 Ne5 38. Rxf7+ Kg8 39. Rxc8 Nxf3+ 40. gxf3 Rxc8 41. Rc7 Rd8 42. a6 Ba5 43. Rc6 Rf4 44. Kf2 Kh7 45. Ne2 Rh4 46. Kg3 Be1+ 47. Kh2 Bb4 48. d7 Rxd7 49. Rxe6 Kh8 50. Rb6 Ba5 51. Rxg6 Rh6 52. Rg5 Bd2 53. Rg4 Be3 54. Ng3 Rb6 55. Nf5 Rb2+ 56. Kg3 Kg8 57. Re4 g5 58. Nxe3 dxe3 59. Rxe3 Rb3 60. Bf5 Rxe3 61. Bxd7 Ra3 62. Bc8 Ra4 63. Bb7 Kg7 64. Kf2 Kf6 65. Ke3 Ke5 66. Kd3 Kd6 67. Kc3 Kc5 68. Kb3 Ra1 69. Bc8 Ra5 70. Kc3 Ra3+ 71. Kd2 Rxf3 72. a7 Ra3 73. Kc2 1/2-1/2

[Event "Niederbayern-ch MK 47th"]
[Site "Aidenbach"]
[Date "2006.??.??"]
[Round "5"]
[White "Thurnbauer, Alois"]
[Black "Wanninger, Carl"]
[Result "1-0"]
[WhiteElo "1482"]
[BlackElo "1030"]
[PlyCount "71"]
[EventDate "2006.04.18"]
[EventType "swiss"]
[EventRounds "9"]
[EventCountry "GER"]
[SourceTitle "EXT 2023"]
[Source "ChessBase"]
[SourceDate "2022.10.05"]
[SourceVersion "1"]
[SourceVersionDate "2022.10.05"]
[SourceQuality "1"]

1. d4 Nf6 2. Nc3 g6 3. e4 d6 4. f4 Bg4 5. Nf3 Bg7 6. Bd3 0-0 7. 0-0 Nc6 8. Ne2 Nd7 9. c3 Bxf3 10. Rxf3 a6 11. e5 dxe5 12. fxe5 e6 13. Qe1 Nb6 14. Qg3 Qd5 15. Nf4 Qd7 16. Nh3 Ne7 17. Ng5 Bh6 18. Qh3 Bxg5 19. Bxg5 Nf5 20. g4 Nxd4 21. cxd4 Qxd4+ 22. Rf2 Qxe5 23. Bf6 Qxf6 24. Rxf6 Nd5 25. Rff1 Rad8 26. Rad1 c6 27. g5 Kh8 28. b3 Kg8 29. Bc4 Nf4 30. Qf3 Nd5 31. Bxd5 exd5 32. Rfe1 Rd7 33. h4 Rfd8 34. h5 d4 35. Rd3 c5 36. h6 1-0